[Event "ROM-ch U20"]
[Site "Voineasa"]
[Date "2010.04.11"]
[Round "5"]
[White "Nemes, Silviu Virgil"]
[Black "Chirila, Ioan Cristian"]
[Result "0-1"]
[WhiteElo "2275"]
[BlackElo "2487"]
[PlyCount "44"]
[EventDate "2010.04.08"]
[EventType "swiss"]
[EventRounds "9"]
[EventCountry "ROU"]
[SourceTitle "EXT 2020"]
[Source "ChessBase"]
[SourceDate "2019.10.17"]
[SourceVersion "1"]
[SourceVersionDate "2019.10.17"]
[SourceQuality "1"]

1. e4 c5 2. Nf3 Nc6 3. Bb5 e6 4. Nc3 Nge7 5. 0-0 a6 6. Bxc6 Nxc6 7. Re1 Be7 8. d4 cxd4 9. Nxd4 d6 10. Nxc6 bxc6 11. Qg4 g6 12. Bh6 Rb8 13. Rab1 e5 14. Qg3 g5 15. b3 Rg8 16. h4 f6 17. hxg5 fxg5 18. Qh2 Qd7 19. Nd1 Qe6 20. Ne3 Qf6 21. g4 Rg6 22. Qh5 Kd8 0-1

[Event "ROM-ch U20"]
[Site "Voineasa"]
[Date "2010.04.08"]
[Round "1"]
[White "Stuparu, Georgian"]
[Black "Nemes, Silviu Virgil"]
[Result "1-0"]
[WhiteElo "1909"]
[BlackElo "2275"]
[PlyCount "79"]
[EventDate "2010.04.08"]
[EventType "swiss"]
[EventRounds "9"]
[EventCountry "ROU"]
[SourceTitle "EXT 2020"]
[Source "ChessBase"]
[SourceDate "2019.10.17"]
[SourceVersion "1"]
[SourceVersionDate "2019.10.17"]
[SourceQuality "1"]

1. d4 d5 2. c4 c6 3. Nf3 Nf6 4. Bf4 g6 5. e3 Bg7 6. Bd3 0-0 7. 0-0 Be6 8. Nbd2 h6 9. c5 b6 10. b4 Qc8 11. a4 Bf5 12. Qb1 Bxd3 13. Qxd3 Nfd7 14. Rfc1 a5 15. Rab1 axb4 16. Bxb8 Rxb8 17. cxb6 Rxb6 18. a5 Ra6 19. Nb3 e5 20. Qd2 e4 21. Ne1 Qb7 22. Rc2 Rc8 23. Rcb2 Bf8 24. Nc2 Qb5 25. h3 Qc4 26. Nc5 Nxc5 27. dxc5 Rxa5 28. Rxb4 Qxc5 29. Nd4 Bd6 30. Rb7 Qa3 31. g3 Ra7 32. R7b6 Ra6 33. Rb7 Qa2 34. Qc3 c5 35. Ne6 d4 36. Nxd4 Raa8 37. Nc2 Bf8 38. R1b6 Bg7 39. Rxg6 f6 40. Rgxg7+ 1-0

[Event "ROM-ch"]
[Site "Baile Olanesti"]
[Date "2010.02.02"]
[Round "4"]
[White "Bida, Mihai Eugen"]
[Black "Nemes, Silviu Virgil"]
[Result "1-0"]
[WhiteElo "2034"]
[BlackElo "2254"]
[PlyCount "61"]
[EventDate "2010.01.31"]
[EventType "swiss"]
[EventRounds "9"]
[EventCountry "ROU"]
[SourceTitle "CBM 134 Extra"]
[Source "ChessBase"]
[SourceDate "2010.03.03"]
[SourceVersion "1"]
[SourceVersionDate "2010.03.03"]
[SourceQuality "1"]

1. e4 c5 2. Nf3 Nc6 3. d4 cxd4 4. Nxd4 Nf6 5. Nc3 d6 6. Bg5 e6 7. Qd2 a6 8. 0-0-0 Bd7 9. f4 b5 10. Bxf6 gxf6 11. Kb1 b4 12. Nce2 Qb6 13. Nxc6 Bxc6 14. f5 e5 15. Ng3 Qc5 16. Nh5 Ke7 17. Bd3 a5 18. g4 Rg8 19. Qe2 Bh6 20. h4 a4 21. Bc4 Rac8 22. b3 Qe3 23. Nxf6 Kxf6 24. g5+ Bxg5 25. hxg5+ Qxg5 26. Rxh7 d5 27. exd5 Bd7 28. d6 Rg7 29. Re1 Re8 30. Rh5 Qf4 31. Rf1 1-0

[Event "ROM-ch"]
[Site "Baile Olanesti"]
[Date "2010.02.02"]
[Round "3"]
[White "Nemes, Silviu Virgil"]
[Black "Tomici, Stefan"]
[Result "1-0"]
[WhiteElo "2254"]
[BlackElo "1935"]
[PlyCount "71"]
[EventDate "2010.01.31"]
[EventType "swiss"]
[EventRounds "9"]
[EventCountry "ROU"]
[SourceTitle "CBM 134 Extra"]
[Source "ChessBase"]
[SourceDate "2010.03.03"]
[SourceVersion "1"]
[SourceVersionDate "2010.03.03"]
[SourceQuality "1"]

1. Nf3 d5 2. g3 c5 3. Bg2 Nc6 4. d3 e5 5. 0-0 Nf6 6. Nbd2 Bd6 7. e4 d4 8. Nc4 Be6 9. Nxd6+ Qxd6 10. h3 Nd7 11. Ne1 0-0-0 12. Bd2 Kb8 13. f4 f6 14. Nf3 c4 15. Qe2 cxd3 16. cxd3 h6 17. Ne1 g5 18. Nc2 gxf4 19. gxf4 Rdg8 20. f5 Bf7 21. b4 Rg3 22. Kh2 Rhg8 23. Bf3 Nb6 24. Bg4 R3xg4 25. hxg4 Nc4 26. b5 Nd8 27. Bb4 Qc7 28. a4 h5 29. Rfc1 Rxg4 30. Na3 Bg8 31. Nxc4 Qg7 32. Qf2 Nc6 33. bxc6 Qg5 34. c7+ Kxc7 35. Nxe5+ Kb6 36. Nd7+ 1-0

[Event "Timisoara Cup-A 4th"]
[Site "Timisoara"]
[Date "2009.08.08"]
[Round "8"]
[White "Emodi, Gyula"]
[Black "Nemes, Silviu Virgil"]
[Result "1/2-1/2"]
[WhiteElo "2311"]
[BlackElo "2264"]
[PlyCount "46"]
[EventDate "2009.08.01"]
[EventType "tourn"]
[EventRounds "9"]
[EventCountry "ROU"]
[EventCategory "4"]
[SourceTitle "CBM 131 Extra"]
[Source "ChessBase"]
[SourceDate "2009.09.03"]
[SourceVersion "2"]
[SourceVersionDate "2009.09.16"]
[SourceQuality "1"]

1. e4 c5 2. Nf3 d6 3. Bb5+ Bd7 4. Bxd7+ Qxd7 5. 0-0 Nf6 6. Qe2 Nc6 7. b3 g6 8. Bb2 Bg7 9. c3 0-0 10. d4 cxd4 11. cxd4 d5 12. e5 Ne4 13. Nbd2 Nxd2 14. Qxd2 f6 15. Rfe1 fxe5 16. Nxe5 Nxe5 17. dxe5 e6 18. Rac1 Rac8 19. g3 Rxc1 20. Rxc1 Rc8 21. Bd4 b6 22. Rc3 Bf8 23. a4 Qb7 1/2-1/2

[Event "Timisoara Cup-A 4th"]
[Site "Timisoara"]
[Date "2009.08.06"]
[Round "6"]
[White "Nemes, Silviu Virgil"]
[Black "Vedmediuc, Serghei"]
[Result "0-1"]
[WhiteElo "2264"]
[BlackElo "2444"]
[PlyCount "66"]
[EventDate "2009.08.01"]
[EventType "tourn"]
[EventRounds "9"]
[EventCountry "ROU"]
[EventCategory "4"]
[SourceTitle "CBM 131 Extra"]
[Source "ChessBase"]
[SourceDate "2009.09.03"]
[SourceVersion "2"]
[SourceVersionDate "2009.09.16"]
[SourceQuality "1"]

1. e4 c5 2. Nf3 Nc6 3. Bb5 g6 4. 0-0 Bg7 5. c3 Nf6 6. Qa4 a6 7. Re1 0-0 8. d4 cxd4 9. cxd4 d5 10. Bxc6 bxc6 11. e5 Ne4 12. Qxc6 Bf5 13. Nbd2 a5 14. Qa4 Qb6 15. Nxe4 dxe4 16. Nd2 Rfd8 17. Nb3 Be6 18. Be3 Bd5 19. Rec1 e6 20. Rc5 Qb4 21. Qxb4 axb4 22. Rcc1 f6 23. Bf4 g5 24. exf6 gxf4 25. fxg7 Bxb3 26. axb3 Rxa1 27. Rxa1 Rxd4 28. h3 Kxg7 29. Rc1 Kf6 30. Rc4 Ke5 31. g4 Rd1+ 32. Kg2 f3+ 33. Kh2 e3 0-1

[Event "Timisoara Cup-A 4th"]
[Site "Timisoara"]
[Date "2009.08.05"]
[Round "5"]
[White "Dragomirescu, Robin Alexandru"]
[Black "Nemes, Silviu Virgil"]
[Result "1-0"]
[WhiteElo "2342"]
[BlackElo "2264"]
[PlyCount "47"]
[EventDate "2009.08.01"]
[EventType "tourn"]
[EventRounds "9"]
[EventCountry "ROU"]
[EventCategory "4"]
[SourceTitle "CBM 131 Extra"]
[Source "ChessBase"]
[SourceDate "2009.09.03"]
[SourceVersion "2"]
[SourceVersionDate "2009.09.16"]
[SourceQuality "1"]

1. e4 c5 2. Nf3 Nc6 3. d4 cxd4 4. Nxd4 Nf6 5. Nc3 d6 6. Bg5 e6 7. Qd2 a6 8. 0-0-0 Bd7 9. f4 b5 10. Bxf6 gxf6 11. Kb1 Qb6 12. Nxc6 Bxc6 13. Qe1 Be7 14. f5 Qc5 15. fxe6 fxe6 16. Qh4 h5 17. Be2 Qg5 18. Qh3 b4 19. Rxd6 Qc5 20. e5 Bxd6 21. Qxe6+ Be7 22. Bd3 Bd7 23. Bg6+ Kd8 24. Rd1 1-0

[Event "EU-ch U18 18th"]
[Site "Herceg Novi"]
[Date "2008.09.24"]
[Round "9"]
[White "Kvisla, Johannes Luangtep"]
[Black "Nemes, Silviu Virgil"]
[Result "1/2-1/2"]
[WhiteElo "2180"]
[BlackElo "2273"]
[PlyCount "45"]
[EventDate "2008.09.15"]
[EventType "swiss"]
[EventRounds "9"]
[EventCountry "MNE"]
[SourceTitle "CBM 126 Extra"]
[Source "ChessBase"]
[SourceDate "2008.11.05"]
[SourceVersion "1"]
[SourceVersionDate "2008.11.05"]
[SourceQuality "1"]

1. d4 d5 2. c4 c6 3. Nf3 Nf6 4. Nc3 dxc4 5. a4 Bf5 6. Ne5 Nbd7 7. Nxc4 Qc7 8. g3 e5 9. dxe5 Nxe5 10. Bf4 Nfd7 11. Bg2 g5 12. Ne3 gxf4 13. Nxf5 fxg3 14. hxg3 0-0-0 15. Qc2 Nc5 16. Kf1 a5 17. Rh5 f6 18. Rd1 Ne6 19. Rxd8+ Qxd8 20. Ne4 Bb4 21. Bh3 Rg8 22. Rh6 Ng5 23. Nxg5 1/2-1/2

[Event "Timisoara IM"]
[Site "Timisoara"]
[Date "2008.08.03"]
[Round "2"]
[White "Bogdan, Dan"]
[Black "Nemes, Silviu Virgil"]
[Result "1-0"]
[WhiteElo "2401"]
[BlackElo "2273"]
[PlyCount "101"]
[EventDate "2008.08.02"]
[EventType "tourn"]
[EventRounds "9"]
[EventCountry "ROU"]
[EventCategory "3"]
[SourceTitle "CBM 125 Extra"]
[Source "ChessBase"]
[SourceDate "2008.09.01"]
[SourceVersion "1"]
[SourceVersionDate "2008.09.01"]
[SourceQuality "1"]

1. c4 c6 2. b3 d5 3. Bb2 Nf6 4. g3 Bf5 5. d3 e6 6. Nf3 h6 7. Bg2 Be7 8. 0-0 0-0 9. Nbd2 Nbd7 10. Qc2 Bh7 11. Ne5 Nxe5 12. Bxe5 Nd7 13. Bb2 a5 14. Rac1 Bf6 15. Rfe1 Bxb2 16. Qxb2 Qb6 17. a3 Rfd8 18. Rc2 Nc5 19. b4 axb4 20. axb4 Nd7 21. Rb1 Nf6 22. h3 Re8 23. Nf3 Nd7 24. Nd2 Ra7 25. b5 Rea8 26. bxc6 Qxb2 27. Rbxb2 bxc6 28. Nf3 e5 29. Nd2 Nf6 30. Rb6 e4 31. dxe4 dxe4 32. Rcb2 Rc8 33. Rxc6 Re8 34. Nf1 Bf5 35. Ne3 Bd7 36. Rd6 Rc7 37. Rd4 g6 38. Rb6 Kg7 39. Rxf6 Kxf6 40. Nd5+ Ke5 41. Rxe4+ Kd6 42. Rxe8 Bxe8 43. Nxc7 Kxc7 44. c5 f6 45. h4 g5 46. f4 gxf4 47. gxf4 Bh5 48. Kf2 Bf7 49. Ke3 Bc4 50. Bf3 Bb3 51. Be4 1-0

[Event "ROM-ch"]
[Site "Cluj"]
[Date "2008.02.26"]
[Round "3"]
[White "Lupulescu, Constantin"]
[Black "Nemes, Silviu Virgil"]
[Result "1-0"]
[WhiteElo "2553"]
[BlackElo "2155"]
[PlyCount "53"]
[EventDate "2008.02.25"]
[EventType "swiss"]
[EventRounds "9"]
[EventCountry "ROU"]
[SourceTitle "CBM 123 Extra"]
[Source "ChessBase"]
[SourceDate "2008.05.06"]
[SourceVersion "1"]
[SourceVersionDate "2008.05.06"]
[SourceQuality "1"]

1. e4 c5 2. Nf3 d6 3. d4 cxd4 4. Nxd4 Nf6 5. Nc3 Nc6 6. Bc4 e6 7. Be3 Be7 8. Qe2 a6 9. 0-0-0 Qc7 10. Rhg1 0-0 11. g4 Nxd4 12. Bxd4 b5 13. Bb3 Nd7 14. f4 Nc5 15. f5 Bb7 16. g5 b4 17. Na4 Nxb3+ 18. axb3 exf5 19. exf5 Rfe8 20. Bb6 Qd7 21. Qf2 Qb5 22. Bd4 Bd8 23. g6 hxg6 24. fxg6 Bg5+ 25. Kb1 f6 26. Nb6 Re2 27. Rxg5 1-0

[Event "Tirgu Mures Cup III-A "]
[Site "Tirgu Mures"]
[Date "2008.02.03"]
[Round "2"]
[White "Nemes, Silviu Virgil"]
[Black "Szebeni Janosi, Pal"]
[Result "1-0"]
[WhiteElo "2155"]
[BlackElo "1895"]
[PlyCount "48"]
[EventDate "2008.02.02"]
[EventType "swiss"]
[EventRounds "7"]
[EventCountry "ROU"]
[SourceTitle "EXT 2010"]
[Source "ChessBase"]
[SourceDate "2010.11.25"]
[SourceVersion "1"]
[SourceVersionDate "2010.11.25"]
[SourceQuality "1"]

1. e4 e5 2. Nf3 Nc6 3. Nc3 Nf6 4. Bb5 d6 5. d4 Bd7 6. b3 exd4 7. Nxd4 Nxd4 8. Qxd4 Bxb5 9. Nxb5 c6 10. Nc3 Be7 11. Bb2 0-0 12. 0-0-0 Qc7 13. Qe3 b5 14. Ne2 Rfd8 15. Ng3 Ng4 16. Qe2 Ne5 17. f4 Ng6 18. Nf5 Bf8 19. h4 h5 20. Qxh5 Nxf4 21. Qg4 Ne6 22. Nh6+ Kh7 23. Nxf7 Kg8 24. Nxd8 Rxd8 1-0

[Event "Tirgu Mures Cup III-A "]
[Site "Tirgu Mures"]
[Date "2008.02.02"]
[Round "1"]
[White "Vasile, Claudiu Daniel"]
[Black "Nemes, Silviu Virgil"]
[Result "0-1"]
[WhiteElo "1788"]
[BlackElo "2155"]
[PlyCount "46"]
[EventDate "2008.02.02"]
[EventType "swiss"]
[EventRounds "7"]
[EventCountry "ROU"]
[SourceTitle "EXT 2010"]
[Source "ChessBase"]
[SourceDate "2010.11.25"]
[SourceVersion "1"]
[SourceVersionDate "2010.11.25"]
[SourceQuality "1"]

1. e4 c5 2. Nf3 Nc6 3. d4 cxd4 4. Nxd4 Nf6 5. Nc3 d6 6. Be3 e5 7. Nb3 Be7 8. Be2 0-0 9. 0-0 a5 10. a4 Nb4 11. Bf3 Be6 12. Qd2 h6 13. Rfd1 Qc7 14. Rac1 Qc6 15. Qe2 Bc4 16. Qd2 Rfd8 17. Nd5 Nfxd5 18. exd5 Qxa4 19. Bb6 Bg5 20. Ra1 Qb5 21. Be3 Bxe3 22. fxe3 Nxc2 23. Ra4 Qxb3 0-1

[Event "Felix Cup 22nd"]
[Site "Felix Spa"]
[Date "2007.05.28"]
[Round "6"]
[White "Turlea, Constantin"]
[Black "Nemes, Silviu Virgil"]
[Result "1/2-1/2"]
[WhiteElo "1975"]
[BlackElo "2134"]
[PlyCount "36"]
[EventDate "2007.05.25"]
[EventType "swiss"]
[EventRounds "9"]
[EventCountry "ROU"]
[SourceTitle "CBM 118 Extra"]
[Source "ChessBase"]
[SourceDate "2007.07.04"]
[SourceVersion "1"]
[SourceVersionDate "2007.07.04"]
[SourceQuality "1"]

1. d4 Nf6 2. c4 e5 3. d5 Bc5 4. Nc3 d6 5. e4 Ng4 6. Nh3 Qh4 7. g3 Qf6 8. Qe2 0-0 9. f3 Nh6 10. Nf2 Kh8 11. h4 Ng8 12. Bh3 Bxf2+ 13. Qxf2 Bxh3 14. Rxh3 a5 15. g4 Qe7 16. Be3 Na6 17. Kf1 Qd7 18. Kg2 f6 1/2-1/2

[Event "Timisoara Brinzeu Memorial"]
[Site "Timisoara"]
[Date "2006.03.18"]
[Round "1"]
[White "Nevednichy, Vladislav"]
[Black "Nemes, Silviu Virgil"]
[Result "1-0"]
[WhiteElo "2581"]
[BlackElo "2071"]
[PlyCount "57"]
[EventDate "2006.03.18"]
[EventType "swiss"]
[EventRounds "9"]
[EventCountry "ROU"]
[SourceTitle "CBM 111 Extra"]
[Source "ChessBase"]
[SourceDate "2006.05.09"]
[SourceVersion "1"]
[SourceVersionDate "2006.05.09"]
[SourceQuality "1"]

1. e4 c5 2. Nf3 d6 3. d4 cxd4 4. Nxd4 Nf6 5. Nc3 Nc6 6. Bg5 e6 7. Qd2 a6 8. 0-0-0 Bd7 9. f3 Be7 10. h4 h6 11. Be3 h5 12. Bg5 Qc7 13. Kb1 Ne5 14. f4 Neg4 15. Qe1 b5 16. a3 Qb6 17. Be2 b4 18. axb4 Qxb4 19. Bxg4 hxg4 20. e5 a5 21. exd6 Rb8 22. b3 Bf8 23. f5 a4 24. fxe6 fxe6 25. Nc6 Bxc6 26. Qxe6+ Kd8 27. Bxf6+ gxf6 28. Qxf6+ Kd7 29. Qf7+ 1-0

[Event "ROM-ch U12"]
[Site "Sovata"]
[Date "2001.??.??"]
[Round "3"]
[White "Nemes, Silviu Virgil"]
[Black "Bucur, Sorin"]
[Result "0-1"]
[WhiteElo "1615"]
[BlackElo "1650"]
[PlyCount "56"]
[EventDate "2001.03.31"]
[EventType "tourn"]
[EventRounds "11"]
[EventCountry "ROU"]
[SourceTitle "EXT 2008"]
[Source "ChessBase"]
[SourceDate "2007.11.25"]
[SourceVersion "1"]
[SourceVersionDate "2007.11.25"]
[SourceQuality "1"]

1. c4 c5 2. Nf3 g6 3. d4 Bg7 4. Nc3 Qa5 5. e3 Nf6 6. Bd2 d6 7. Bd3 Bd7 8. 0-0 0-0 9. Qb3 Qc7 10. dxc5 dxc5 11. e4 e5 12. Bg5 Bc6 13. Nd5 Nxd5 14. cxd5 Bd7 15. Bc4 Bg4 16. d6 Qxd6 17. Qxb7 Nc6 18. Rad1 Nd4 19. Be7 Rab8 20. Bxf8 Qxf8 21. Bxf7+ Kh8 22. Qxa7 Ra8 23. Qb7 Rb8 24. Qd5 Rd8 25. Qc4 Rd7 26. Bd5 Nxf3+ 27. gxf3 Bxf3 28. Rc1 Qf4 0-1